00646nam a2200205I 450000100060000000300080000600500170001400800410003103500190007204000320009104100080012308200210013110000580015224500700021025000120028026000470029230000210033965100480036065100320040826274BD-RjUL20211209051007.0140320r19521927enk 0 0 eng d a(BD-RjUL)26344 aBOSbengcCSUdBOSdBD-RjUL aeng04a944.04bDIR 19521 aDickinson, G. Lowesq(Goldsworthy Lowes),d1862-1932.10aRevolution & reaction in modern France /cby G. Lowes Dickinson.. a2nd ed. aLondon :bAllien,c1927 [impression 1952]. a255 p. ;c20 cm. 0aFrancexPolitics and governmenty1789-1900. 0aFrancexHistoryy1789-1900.